सदी के आखिरी दौर में / (Record no. 113030)

MARC details
000 -LEADER
fixed length control field 01008nam a22002537a 4500
005 - DATE AND TIME OF LATEST TRANSACTION
control field 20170124102947.0
010 ## - LIBRARY OF CONGRESS CONTROL NUMBER
LC control number A-956772
020 ## - INTERNATIONAL STANDARD BOOK NUMBER
Terms of availability 175.00
International Standard Book Number 8171500102
035 ## - SYSTEM CONTROL NUMBER
System control number A-956772
037 ## - SOURCE OF ACQUISITION
Source of stock number/acquisition Cen Lib/Ret
040 ## - CATALOGING SOURCE
Original cataloging agency DPL
Language of cataloging HN
082 ## - DEWEY DECIMAL CLASSIFICATION NUMBER
Classification number 821
Item number सदीके
245 ## - TITLE STATEMENT
Title सदी के आखिरी दौर में /
Statement of responsibility, etc संपादक प्रकाश मनु
246 ## - VARYING FORM OF TITLE
Title proper/short title Sadee ke aakhiri daur mein /
Remainder of title edited by Prakash Manu
260 ## - PUBLICATION, DISTRIBUTION, ETC. (IMPRINT)
Place of publication, distribution, etc दिल्ली
Name of publisher, distributor, etc इन्द्रप्रस्थ प्रकाशन
Date of publication, distribution, etc 1998
270 ## - ADDRESS
Address के-71, कृषनगर
City दिल्ली
Postal code 110051
300 ## - PHYSICAL DESCRIPTION
Extent 195पृ.
Dimensions 21सेमी (सजिल्द)
650 ## - SUBJECT ADDED ENTRY--TOPICAL TERM
Topical term or geographic name as entry element हिंदी साहित्य
9 (RLIN) 50273
650 ## - SUBJECT ADDED ENTRY--TOPICAL TERM
Topical term or geographic name as entry element हिंदी--काव्य
9 (RLIN) 50274
650 ## - SUBJECT ADDED ENTRY--TOPICAL TERM
Topical term or geographic name as entry element Hindi literature
9 (RLIN) 50275
650 ## - SUBJECT ADDED ENTRY--TOPICAL TERM
Topical term or geographic name as entry element Hindi--Poetry
9 (RLIN) 50276
700 ## - ADDED ENTRY--PERSONAL NAME
Personal name मनु, प्रकाश
9 (RLIN) 50277
942 ## - ADDED ENTRY ELEMENTS (KOHA)
Source of classification or shelving scheme Dewey Decimal Classification
Koha item type Hindi Books
Classification part 821
Call number suffix सदीके
Holdings
Withdrawn status Lost status Damaged status Not for loan Home library Current library Date acquired Source of acquisition Cost, normal purchase price Total Checkouts Full call number Barcode Date last seen Copy number Cost, replacement price Price effective from Koha item type
        Central Library Central Library 11/08/2015 Cen Lib/Ret 175.00   821 सदीके A-956772 11/08/2015 1 175.00 11/08/2015 Hindi Books

© Delhi Public Library
Hit Counter
free hit counter